1638 1543 1476 1819 1649 1808 1325 1747 1919 1133 1990 1448 1133 1978 1947 1250 1492 1241 1406 1243 1322 1045 1667 1221 1563 1467 1504 1834 1505 1963 1670 1035 1006 1130 1337 1468 1424 1306 1306 1676 1882 1422 1058 1023 1066 1014 1199 1898 1326 1618 1402 1322 1599 1917 1155 1773 1736 1424 1451 1358 1434 1253 1422 1839 1179 1411 1542 1407 1361 1044 1916 1555 1012 1446 1426 1981 1176 1493 1385 1346 1788 1145 1491 1470 1876 1369 1332 1443 1903 1809 1693 1189 1023 1468 1014 1973 1572 1132 1671 BCNSPRNW ULIB Ver.6.0+V

เปลี่ยนเป็นภาษาไทย

Change to English
 แสดงรายละเอียดบรรณานุกรม
  กลับหน้าหลัก

Brief Record : Get Marc (ISO 2709) : E-mail record : QR code < ปิดหน้าต่าง
LEADER : 00000nam 2200000uu 4500
001    13399128047
003     ULIB
008    220128s2563||||th 000 0 tha d
020 ^  ^a9786163660749
050  0 ^aนว.^bด265พ
100 0  ^aดวงตะวัน.
245 1  ^aพระจันทร์วันอาทิตย์ /^cดวงตะวัน.
260 ^  ^aกรุงเทพฯ :^bดวงตะวัน,^c2563.
300 ^  ^a526 หน้า.
650 ^  ^aนวนิยาย.
945    ^p370^l0^i29192
999    ^aกัณชพร จุลอักษร
รายการนี้ยังไม่มีแท็ก
คุณยังไม่ได้ล็อกอิน คุณสามารถมีกิจกรรมร่วมกับเว็บไซต์ได้ แต่ต้องล็อกอินก่อน ::
  ล็อกอิน

รายการสื่อสารสนเทศ

ลำดับที่ ประเภท เลขเรียก/บาร์โค้ด สถานที่ สถานะ
1. วิทยาศาสตร์การแพทย์ และสุขภาพ
วิทยาศาสตร์การแพทย์ และสุขภาพ
นว. ด265พ ฉ.1 
  Barcode: 29192
ห้องสมุดวิทยาเขตนครสวรรค์
►นวนิยาย:l:Fiction
บนชั้น

รายการใกล้เคียง
    ผู้แต่ง [ดวงตะวัน.]

    หัวเรื่อง [นวนิยาย.]

BibComment


ยังไม่เคยถูกคอมเมนท์

คอมเมนท์ทรัพยากรรายการนี้
  คอมเมนท์: พระจันทร์วันอาทิ..


 Copyright 2026. Bcnsprnw @Library